000 01236cam a22003737a 4500
003 CHAP
005 20220817043528.0
008 990423d1997 it rn 00110 eng d
010 _a77585
011 _a78557
020 _a9251040842
035 _a88556
040 _cCHAP
082 0 4 _a338.9
_bF43 v.3
110 2 _aFAO
245 1 0 _aFood security strategies :
_bthe Asian experience
_c/by C. Peter Timmer
260 _aRome :
_bFAO,
_c1997.
300 _a21 p.
490 0 _aFAO. Política agrícola y desarrollo económico
_v; 3
590 _aBATCH-UPD
_b10
_c20130110
_lUCH01
_h0138
590 _aBATCH-UPD
_b10
_c20130110
_lUCH01
_h1945
590 _aBATCH-UPD
_b10
_c20130409
_lUCH01
_h2135
590 _aBATCH-UPD
_b10
_c20130410
_lUCH01
_h1307
590 _aBATCH-UPD
_b10
_c20130914
_lUCH01
_h0154
590 _aCONVERSION
_b10
_c20130109
_lUCH01
_h1343
650 1 4 _aAlimentos
_xAbastecimiento
_zAsia.
_94148
650 1 4 _aPolítica alimentaria.
_990389
700 0 _aTimmer, C. Peter.
_9113329
830 0 _aFAO. Política agrícola y desarrollo económico
_v; 3
_939650
901 _aBK
905 _aLilia Sánchez G.
942 _cLIBRO
949 _a338.9 F43 v.3
_bBC
_cFAO
_d33724000720322
_eFAO1
_h95070
_i88556
_kDonaciØn
_sb
999 _c77585
_d77585